Normal view
MARC view
Entry Geographic Name
001 - CONTROL NUMBER
- control field: 2460
003 - CONTROL NUMBER IDENTIFIER
- control field: ARRUPE
005 - DATE AND TIME OF LATEST TRANSACTION
- control field: 20131011121743.0
008 - FIXED-LENGTH DATA ELEMENTS
- fixed length control field: 131011|| aca||aabn | a|a d
040 ## - CATALOGING SOURCE
- Original cataloging agency: ARRUPE
- Transcribing agency: ARRUPE
151 ## - HEADING--GEOGRAPHIC NAME
- Geographic name: Nigeria
- General subdivision: Foreign relations.
670 ## - SOURCE DATA FOUND
- Source citation: Work cat.: (ARRUPE)0: Paden, John N. 2454, Faith and politics in Nigeria :, 2008.